000 00302nam a2200121Ia 4500
008 231129s9999||||xx |||||||||||||| ||spa||
040 _bspa
082 _aF842 C813t
100 _aCorneille Pedro
245 0 _aTeatro tragico : Medea ; El Cid ; Horacio ; Cinna
264 _aIberia
942 _2ddc
_cBKS
999 _c25059
_d25059